The Sustainable MBA: (Record no. 370383)

MARC details
000 -LEADER
fixed length control field 00439nam a22001577a 4500
005 - DATE AND TIME OF LATEST TRANSACTION
control field 20260209141425.0
008 - FIXED-LENGTH DATA ELEMENTS--GENERAL INFORMATION
fixed length control field 260209b |||||||| |||| 00| 0 eng d
020 ## - INTERNATIONAL STANDARD BOOK NUMBER
International Standard Book Number 9781118760635
082 ## - DEWEY DECIMAL CLASSIFICATION NUMBER
Classification number 658
Item number WEY B22755
100 ## - MAIN ENTRY--PERSONAL NAME
Author Weybrecht G
245 ## - TITLE STATEMENT
Title The Sustainable MBA:
Remainder of title A Business Guide to Sustainability
Statement of responsibility, etc. 2nd Ed.
260 ## - PUBLICATION, DISTRIBUTION, ETC.
Place of publication, distribution, etc. UK
Name of publisher, distributor, etc. John Wiley & Sons
Date of publication, distribution, etc. 2014
300 ## - PHYSICAL DESCRIPTION
Extent 456p
500 ## - GENERAL NOTE
Keywords General Management
942 ## - ADDED ENTRY ELEMENTS (KOHA)
Koha item type Reference book
Holdings
Withdrawn status Lost status Source of classification or shelving scheme Damaged status Not for loan Home library Current library Date acquired Vendor Net Price Bill number Total Checkouts Full call number Barcode Date last seen Actual Price Bill Date Koha item type Original Barcode
    Dewey Decimal Classification   Reference Smt. Hiraben Nanavati Institute of Management & Research for Women Smt. Hiraben Nanavati Institute of Management & Research for Women 28/01/2026 The Forward Books 5016.00 25293   658 WEY B22755 HIMR-BK-22755 09/02/2026 4263.60 23/01/2026 Reference book B22755